书目信息 |
| 题名: |
视频图像编码技术及国际标准
|
|
| 作者: | 刘峰 编著 | |
| 分册: | ||
| 出版信息: | 北京 北京邮电大学出版社 2005.07 |
|
| 页数: | 345页 | |
| 开本: | 26cm | |
| 丛书名: | 视频通信系列丛书 | |
| 单 册: | ||
| 中图分类: | TN919.81-65 | |
| 科图分类: | ||
| 主题词: | 视频系统--shi pin xi tong--图像编码--国际标准 | |
| 电子资源: | ||
| ISBN: | 7-5635-0716-7 | |
| 000 | 00976nam 2200241 450 | |
| 001 | 012007552870 | |
| 005 | 20070428155448.23 | |
| 010 | @a7-5635-0716-7@dCNY39.00 | |
| 100 | @a20070205d2005 km y0chiy0120 ea | |
| 101 | 0 | @achi |
| 102 | @aCN@b110000 | |
| 105 | @aa a 000yy | |
| 200 | 1 | @a视频图像编码技术及国际标准@Ashi pin tu xiang bian ma ji shu ji guo ji biao zhun@f刘峰编著@Fliu feng bian zhu |
| 210 | @a北京@c北京邮电大学出版社@d2005.07 | |
| 215 | @a345页@c图@d26cm | |
| 225 | 2 | @a视频通信系列丛书@Ashi pin tong xin xi lie cong shu |
| 330 | @a本书着重介绍了目前视频图像的编码技术以及主要的视频编码国际标准。全书共分11章,主要包括视频、图像的基本概念,视频压缩编码技术,视频编码标准,常见的视频通信系统,无线视频通信的应用和发展等内容。 | |
| 410 | 0 | @12001 @a视频通信系列丛书 |
| 606 | 0 | @a视频系统@Ashi pin xi tong@x图像编码@x国际标准 |
| 690 | @aTN919.81-65@v4 | |
| 701 | 0 | @a刘峰@Aliu feng@4编著 |
| 801 | 0 | @aCN@c20070428 |
| 905 | @a10447@dTN919.81-65@eL612 | |
| 视频图像编码技术及国际标准/刘峰编著.-北京:北京邮电大学出版社,2005.07 |
| 345页:图;26cm.-(视频通信系列丛书) |
| ISBN 7-5635-0716-7:CNY39.00 |
| 本书着重介绍了目前视频图像的编码技术以及主要的视频编码国际标准。全书共分11章,主要包括视频、图像的基本概念,视频压缩编码技术,视频编码标准,常见的视频通信系统,无线视频通信的应用和发展等内容。 |
| ● |
| 相关链接 |
|
|
|
正题名:视频图像编码技术及国际标准
索取号:TN919.81-65/L612
 
预约/预借
| 序号 | 登录号 | 条形码 | 馆藏地/架位号 | 状态 | 备注 |
| 1 | 236197 | 202361979 | 自科库301/301自科库 998排9列2层/ [索取号:TN919.81-65/L612] | 在馆 | |
| 2 | 236198 | 202361988 | 自科库301/301自科库 998排9列2层/ [索取号:TN919.81-65/L612] | 在馆 |